Elektronově mikroskopická histologie

Bibliographic Details
Main Author: Dvořák, Milan (Author)
Other Authors: Konečná, H. (Illustrator), Šťastná, J. (Illustrator)
Format: Book
Language:Czech
PhysicalDescription:115 s. obr. 30 cm
Published: Brno Praha Universita J. E. Purkyně, Fakulta lékařská ; Státní pedagogické nakladatelství 1968
Edition:2/1 vyd.
Series:Učební texty vysokých škol
Subjects:

MARC

LEADER 00000cam a2200000 a 4500
001 vtls001350712
003 SK-MaSNL
005 20260301070343.0
008 240318s1968 xr a f p 00000 cze
035 |a SNK000304056 
040 |a SNK  |b slo  |c SNK  |e AACR2 
041 0 |a cze 
044 |a xr  |c CZ 
080 |a 576.7  |2 2001 
080 |a (075.8)  |2 2001 
100 1 |a Dvořák, Milan  |4 aut  |9 291997 
245 1 0 |a Elektronově mikroskopická histologie  |c Milan Dvořák ; obrazová část: H. Konečná, J. Šťastná 
250 |a 2/1 vyd. 
260 |a Brno  |b Universita J. E. Purkyně, Fakulta lékařská ;  |a Praha  |b Státní pedagogické nakladatelství  |c 1968 
300 |a 115 s.  |b obr.  |c 30 cm 
366 |e 600 výt. 
490 1 |a Učební texty vysokých škol 
500 |a Brožovaná 
521 3 |a Pro posluchače fakulty lékařské 
650 0 7 |a histológia  |2 SNKPH  |9 2480 
655 7 |a učebnice vysokých škôl  |2 SNKPH  |9 70191 
700 1 |a Konečná, H.  |4 ill  |9 386422 
700 1 |a Šťastná, J.  |4 ill  |9 386423 
830 0 |a Učební texty vysokých škol  |9 282281 
852 |a Štátna vedecká knižnica v Banskej Bystrici 
958 |a OND 
999 |c 634049  |d 635979 
952 |t P60, <04>, [BOOK], {604}  |a SNK  |b SNK  |y VYP  |7 0  |p 17A0173746  |o snkIB 21305  |0 0  |1 0  |4 0  |d 1998-12-10  |l 0  |r 2005-01-02 00:00:00  |w 2026-02-23